| 000 | 00498ntaaa2200181 4500 | ||
|---|---|---|---|
| 003 | 01 | ||
| 005 | 20251027201247.0 | ||
| 008 | 0714s1973 ag 01 | ||
| 040 |
_aAR-BaBN _bspa _cAR-BaBN _eaacr _dRIC |
||
| 082 | _a220.93 G52 | ||
| 100 |
_aGlueck, Nelson _910198 |
||
| 245 |
_aRiver Jordan / _cNelson Glueck |
||
| 250 |
_a1 ed. : _bThe Westminster Press, _cc1946 |
||
| 300 | _a268 p. | ||
| 500 | _a"An illustrated account of Earth's most storied River" | ||
| 650 |
_aArqueologÃa _95159 |
||
| 942 | _cBK | ||
| 999 |
_c6974 _d6974 |
||